LEADER 00867nam a2200241 i 4500 001 000000257662 003 CaOOAMICUS 005 20180314000000.0 008 180314s1960 it u000 u ita u 013 $a236570 040 $aSeMil$bita 100 1 $aPaoli, Ugo Enrico,$d<1884-1963>.$0(OLS)http://semarc/name/19520 245 12$aL'Odissea /$cUgo Enrico Paoli. 260 $aTorino :$bERI,$c1960. 300 $a128 p. :$bill. ;$c18 cm. 490 0 $aERI classe unica ;$v96 650 4$aFemminismo.$0(OLS)http://semarc/subject/6815 830 0$aERI classe unica ;$v96.$0(OLS)http://semarc/title/8387 850 $aSeMil 852 $aSeMil$W1$xVenegono$y1$m1X II 11$j208008$B208008$CSeMilBibl$Z2$F222428 $81 961 $aOmaggio: Altro 996 $6245$aL'Odissea$9(OLS)http://semarc/title/35430 996 $6260$aTorino :$bERI$9(OLS)http://semarc/publisher/31745 LEADER 00910nam a2200229 i 4500 001 000000072487 003 CaOOAMICUS 005 20090327000000.0 008 090327s1966 be u000 u fre u 013 $a43659 040 $aSeMil$bita 100 1 $aVergote, Antoine <1921-2013>.$0(OLS)http://semarc/name/18012 245 10$aPsychologie religieuse /$cAntoine Vergote. 260 $aBruxelles :$bC. Dessart,$c1966. 300 $a338 p. ;$c19 cm. 490 0 $aPsychologie et sciences humaines ;$v13 650 4$aPsicologia religiosa.$0(OLS)http://semarc/subject/637 830 0$aPsychologie et sciences humaines ;$v13.$0(OLS)http://semarc/title/15100 850 $aSeMil 852 $aSeMil$W1$xVenegono$y1$m2Q I 339$j38640$B38640$CSeMilBibl$Z2$F38643 $81 996 $6245$aPsychologie religieuse$9(OLS)http://semarc/title/116874 996 $6260$aBruxelles :$bC. Dessart$9(OLS)http://semarc/publisher/43032